000 00824nam a2200241Ia 4500
001 dia_4445
003 CHAP
005 20251014153332.0
008 220601s9999 xx 000 0 und d
040 _amxchpua
_erda
090 _aFolleto 2363
100 _aGuerrero Moreno, Arturo
_951242
245 _aGuía para Cultivar Chile Ancho y Pasilla en el Centro y Sur de Guanajuato / Arturo Guerrero Moreno
260 _aMéxico : Inia, Campo Agrícola Experimental del Bajio
300 _a23 p.
500 _aS/c
650 _a1. Chile Ancho-Cultivo-Guanajuato2. Chile Pasilla-Cultivo-Guanajuato
_9176066
700 _aInia, Campo Agricola Experimental del BajioÌ
_9176067
901 _aFOLLETO 2363
902 _aM
905 _a0000001984 mx 0000000000spa00
942 _cFOLL
_2local
999 _c209508
_d209508